• 首页
  • 本馆介绍
  • 公告通知
  • 最新文献
  • 馆藏检索
  • 电子资源
  • 读者导购
  • 参考咨询
  • 我的图书馆
  • 登录
  • 详细信息显示
  • 放入我的书架
  • 预约/预借图书
  • 作者相关作品
  • 分类相关作品
  • 丛书相关作品
  • 出版社相关作品

书目信息

  • 表格格式
  • 工作单格式
  • 卡片格式
题名:
西方二十世纪文论选
    
 
作者: 胡经之 , 张首映 主编
分册: 第四卷   社会-文化系统
出版信息: 北京   中国社会科学出版社  1989.5
页数: 513页
开本: 20cm
丛书名:
单 册:
中图分类: I109.5 , I0
科图分类:
主题词: 文艺理论--西方国家--文集 , 文学理论
电子资源:
ISBN: 7-5004-0291-0
000 01048nam0 2200265 45
001 0190015222
005 20061103082139.96
010    @a7-5004-0291-0@dCNY6.75
100    @a19921223d1989 ekmy0chiy0121 ea
101 0  @achi
102    @aCN@b110000
105    @ay z 000zy
200 10 @a西方二十世纪文论选@AXI FANG ER SHI SHI JI WEN LUN XUAN@h第四卷@i社会-文化系统@ISHE HUI - WEN HUA XI TONG@f胡经之,张首映主编@FHU JING ZHI , ZHANG SHOU YING ZHU BIAN
210    @a北京@c中国社会科学出版社@d1989.5
215    @a513页@d20cm
330    @a本卷为社会-文化系统卷,共收自然-经验主义、新马克思主义、法兰克福学派、批评学等文化流派的20位代表人物的名作名篇。
540 1  @a西方 二十世纪 文论选 第四卷 社会 文化 系统@AXI FANG ER SHI SHI JI WEN LUN XUAN DI SI JUAN SHE HUI WEN HUA XI TONG
606    @a文艺理论@y西方国家@x文集
606 0  @a文学理论
690    @aI109.5@v三版
690    @aI0@v3
701  0 @a胡经之@AHU JING ZHI@4主编
701  0 @a张首映@AZHANG SHOU YING@4主编
801  0 @aCN@bTSSF@c20061103
905    @a10447@dI0@e152:4
    
    西方二十世纪文论选.第四卷.社会-文化系统/胡经之,张首映主编.-北京:中国社会科学出版社,1989.5
    513页;20cm
    
    
    ISBN 7-5004-0291-0:CNY6.75
    本卷为社会-文化系统卷,共收自然-经验主义、新马克思主义、法兰克福学派、批评学等文化流派的20位代表人物的名作名篇。
●
相关链接 在E读中查询图书 在五车中查询图书 在当当中查询图书 在豆瓣中查询图书


正题名:西方二十世纪文论选     索取号:I0/152:4         预约/预借

序号 登录号 条形码 馆藏地/架位号 状态 备注
1 0231941   000902027   第一样本阅览室/ [索取号:I0/152:4] 在馆    
唐山师范学院图书馆 欢迎您!
大连网信软件有限公司© 版权所有